000 01011nab a2200289 uc4500
001 649886
005 20241119090543.0
008 010303e19980115 eng
035 _a649886
035 _a(OCoLC)819898515
040 _ccomduadb
041 _aeng
100 1 0 _aRaspanti, C. G.
_4aut
_eaut
_9336491
245 1 0 _aNew faster solution for the steady-state back-off problem
650 _aOptimización
_934739
650 _aIncertidumbre
_930933
650 7 _aProcesos químicos
_2lemb
_933450
650 _aProcesos quimicos - Control
_944048
650 _aDiseño de procesos quimicos
_919952
650 7 _aAlgoritmos
_2lemb
_92325
650 _aProgramación
_936868
650 7 _aMejoramiento de procesos
_2lemb
_9108954
700 1 0 _aBandoni, J.A.
_4aut
_eaut
_9336492
700 1 0 _aBiegler, L.T.
_4aut
_eaut
_9331673
773 0 _tInvestigación Aplicada Latino Americana (Bahía Blanca, Argentina)
_gVol. 28, No. 01-02, Ene. 1998, p. 129-134
_w495513
_x0327-0793
_0123981
942 _cARIMP
999 _c193870
_d193870